[Event "FIDE World Youth U16 Chess Olympiad SLOVAKIA 2016"]
[Site "Poprad Tatry SLOVAKIA"]
[Date "2016.07.24"]
[Round "4"]
[Board "4"]
[White "Schulze, Lara"]
[Black "Muratova, Saltanat"]
[Result "1-0"]
[WhiteElo "2103"]
[BlackElo "2031"]
[PlyCount "103"]
[EventDate "2016.07.22"]
[EventType "team"]
[EventRounds "9"]
[EventCountry "SVK"]
[WhiteTeam "Germany 2"]
[BlackTeam "Kazakhstan"]

1. e4 c5 2. Nf3 d6 3. d4 cxd4 4. Nxd4 Nf6 5. Nc3 g6 6. Be3 Bg7 7. f3 O-O 8. Qd2
Nc6 9. g4 Be6 10. Nxe6 fxe6 11. O-O-O Ne5 12. Be2 Rc8 13. Nb5 a6 14. Nd4 Qd7
15. h4 Nc4 16. Bxc4 Rxc4 17. Kb1 e5 18. Ne2 Rfc8 19. c3 b5 20. h5 a5 21. hxg6
hxg6 22. Bh6 Qe6 23. Ng3 b4 24. cxb4 Rxb4 25. g5 Ne8 26. Qh2 Rcb8 27. Rd2 a4
28. a3 Rb3 29. Ka1 Qc4 30. Ne2 Kf7 31. Rc1 Qb5 32. Nc3 Qc6 33. f4 exf4 34.
Qxf4+ Kg8 35. Bxg7 Nxg7 36. Rf2 Qe8 37. Nd5 Nh5 38. Qg4 e6 39. Nc7 Qe7 40.
Qxe6+ Qxe6 41. Nxe6 Re8 42. Nf4 Rf8 43. Rcf1 Ng3 44. Nxg6 Rxf2 45. Rxf2 Nxe4
46. Rf4 Nc5 47. Ne7+ Kg7 48. g6 Rd3 49. Rf7+ Kh6 50. Rh7+ Kg5 51. g7 Nb3+ 52.
Ka2 1-0

[Event "FIDE World Youth U16 Chess Olympiad SLOVAKIA 2016"]
[Site "Poprad Tatry SLOVAKIA"]
[Date "2016.07.24"]
[Round "4"]
[Board "1"]
[White "Schneider, Jana"]
[Black "Gorcsi, Gabor"]
[Result "1/2-1/2"]
[WhiteElo "2135"]
[BlackElo "2263"]
[PlyCount "84"]
[EventDate "2016.07.22"]
[EventType "team"]
[EventRounds "9"]
[EventCountry "SVK"]
[WhiteTeam "Germany 3"]
[BlackTeam "Hungary 2"]

1. e4 c5 2. Nf3 g6 3. d4 cxd4 4. Qxd4 Nf6 5. Nc3 Nc6 6. Qa4 d6 7. e5 dxe5 8.
Nxe5 Bd7 9. Nxd7 Qxd7 10. Be3 Bg7 11. Bb5 O-O 12. Rd1 Qc7 13. O-O Na5 14. Nd5
Nxd5 15. Rxd5 a6 16. Be2 b5 17. Qe4 Qc6 18. Qd3 Nc4 19. b3 Nxe3 20. fxe3 Rac8
21. c4 bxc4 22. bxc4 Rb8 23. Bf3 Qa4 24. Rd7 Qb4 25. a3 Qc5 26. Rd5 Qc7 27. Rd7
Qc5 28. Re1 e6 29. Bb7 a5 30. Ba6 Rb2 31. Bb5 Qg5 32. Qe4 Be5 33. Rf1 f5 34.
Qf3 Rb3 35. Re1 h5 36. Qc6 Bxh2+ 37. Kf1 f4 38. Qxe6+ Kh8 39. Rf7 Rxf7 40. Qxf7
Rb2 41. Qf8+ Kh7 42. Qf7+ Kh8 1/2-1/2

[Event "FIDE World Youth U16 Chess Olympiad SLOVAKIA 2016"]
[Site "Poprad Tatry SLOVAKIA"]
[Date "2016.07.24"]
[Round "4"]
[Board "2"]
[White "Bohus, Adam"]
[Black "Rogozenco, Teodora"]
[Result "1-0"]
[WhiteElo "2200"]
[BlackElo "2044"]
[PlyCount "69"]
[EventDate "2016.07.22"]
[EventType "team"]
[EventRounds "9"]
[EventCountry "SVK"]
[WhiteTeam "Hungary 2"]
[BlackTeam "Germany 3"]

1. d4 Nf6 2. c4 g6 3. f3 Bg7 4. e4 d6 5. Nc3 O-O 6. Be3 Nc6 7. Qd2 a6 8. Nge2
Na5 9. Nc1 Nd7 10. Bh6 c5 11. d5 Ne5 12. Bxg7 Kxg7 13. b3 e6 14. Be2 Qh4+ 15.
g3 Qh3 16. f4 Ng4 17. Bxg4 Qxg4 18. N1e2 b5 19. cxb5 axb5 20. Nxb5 exd5 21. Nc7
Bb7 22. Nxa8 Rxa8 23. O-O dxe4 24. f5 gxf5 25. Rf4 Qg6 26. Raf1 Nc6 27. Rxf5 h6
28. Rf6 Qxf6 29. Rxf6 Kxf6 30. Qxd6+ Kg7 31. Nf4 Nd4 32. Nh5+ Kh7 33. Qf6 Rg8
34. Qxf7+ Kh8 35. Nf6 1-0

[Event "FIDE World Youth U16 Chess Olympiad SLOVAKIA 2016"]
[Site "Poprad Tatry SLOVAKIA"]
[Date "2016.07.24"]
[Round "4"]
[Board "3"]
[White "Muetsch, Annmarie"]
[Black "Pribelszky, Bence"]
[Result "1/2-1/2"]
[WhiteElo "2048"]
[BlackElo "2162"]
[PlyCount "127"]
[EventDate "2016.07.22"]
[EventType "team"]
[EventRounds "9"]
[EventCountry "SVK"]
[WhiteTeam "Germany 3"]
[BlackTeam "Hungary 2"]

1. e4 c5 2. Nf3 e6 3. d4 cxd4 4. Nxd4 Nc6 5. Nc3 Qc7 6. f4 a6 7. Nxc6 Qxc6 8.
Bd3 b5 9. Qe2 Bb7 10. Bd2 Be7 11. a3 Rc8 12. g4 h6 13. h4 Nf6 14. h5 d5 15.
exd5 Nxd5 16. Rf1 Bh4+ 17. Kd1 Bf6 18. Nxd5 Qxd5 19. Kc1 Qb3 20. Bc3 Rxc3 21.
bxc3 Qxc3 22. Rb1 Qxa3+ 23. Kd1 O-O 24. Qd2 Bc3 25. Qe3 Qd6 26. Ke2 Qd4 27. Rb3
Qxe3+ 28. Kxe3 b4 29. Rfb1 Bd5 30. Rxc3 bxc3 31. Bxa6 Rd8 32. Bd3 f6 33. Rb5
Rc8 34. Ra5 Rc7 35. Rb5 Kf7 36. Rb6 Ke7 37. Be2 e5 38. Bd3 Bc4 39. Bf5 Bd5 40.
Bd3 Kf7 41. Bg6+ Ke7 42. Bd3 Rb7 43. Ra6 Rb4 44. Ra7+ Kf8 45. fxe5 fxe5 46. Bf5
Rf4 47. Ra5 Rd4 48. Rc5 Ke7 49. Rxc3 Rc4 50. Ra3 Kf6 51. Ra6+ Rc6 52. Rxc6+
Bxc6 53. c4 Ke7 54. c5 Bd5 55. Be4 Be6 56. Bf3 Bc8 57. Ke4 Bb7+ 58. Ke3 Bc8 59.
Kd3 Kd8 60. Bd1 Kc7 61. Bf3 Ba6+ 62. Ke4 Bb7+ 63. Ke3 Bc8 64. Ke4 1/2-1/2

[Event "FIDE World Youth U16 Chess Olympiad SLOVAKIA 2016"]
[Site "Poprad Tatry SLOVAKIA"]
[Date "2016.07.24"]
[Round "4"]
[Board "4"]
[White "Kovacs, Judit"]
[Black "Leser, Katrin"]
[Result "1-0"]
[WhiteElo "2114"]
[BlackElo "2025"]
[PlyCount "53"]
[EventDate "2016.07.22"]
[EventType "team"]
[EventRounds "9"]
[EventCountry "SVK"]
[WhiteTeam "Hungary 2"]
[BlackTeam "Germany 3"]

1. Nf3 d5 2. c4 e6 3. g3 Nf6 4. Bg2 Be7 5. O-O O-O 6. d4 dxc4 7. Qc2 a6 8. a4
Bd7 9. Qxc4 Bc6 10. Qc2 a5 11. Nc3 Na6 12. e4 Nb4 13. Qe2 Be8 14. Rd1 c5 15.
Be3 Qb6 16. Rac1 Rc8 17. Bh3 Bc6 18. d5 exd5 19. Bxc8 dxe4 20. Nxe4 Bxe4 21.
Bh3 Qc6 22. Bg2 b6 23. b3 Qe6 24. Ng5 Qf5 25. Nxe4 Nxe4 26. Bf4 Nf6 27. Qxe7
 1-0

[Event "FIDE World Youth U16 Chess Olympiad SLOVAKIA 2016"]
[Site "Poprad Tatry SLOVAKIA"]
[Date "2016.07.24"]
[Round "4"]
[Board "1"]
[White "Lin, Pin-Chen (gary)"]
[Black "Pechac, Jergus"]
[Result "0-1"]
[WhiteElo "2077"]
[BlackElo "2463"]
[PlyCount "42"]
[EventDate "2016.07.22"]
[EventType "team"]
[EventRounds "9"]
[EventCountry "SVK"]
[WhiteTeam "Japan"]
[BlackTeam "Slovakia 1"]

1. d4 d5 2. c4 c6 3. Nf3 e6 4. Nc3 f5 5. Bf4 Bd6 6. Bxd6 Qxd6 7. g3 Nh6 8. Bg2
O-O 9. O-O Nd7 10. e3 Rf6 11. Nd2 Nf7 12. f3 g5 13. c5 Qe7 14. e4 e5 15. Nb3
dxe4 16. fxe4 f4 17. Qd2 exd4 18. Qxd4 Nde5 19. Nd2 Bg4 20. h3 Rd8 21. Qf2 Nd3
 0-1

[Event "FIDE World Youth U16 Chess Olympiad SLOVAKIA 2016"]
[Site "Poprad Tatry SLOVAKIA"]
[Date "2016.07.24"]
[Round "4"]
[Board "2"]
[White "Haring, Viktor"]
[Black "Hiebert, Kenji"]
[Result "1/2-1/2"]
[WhiteElo "2289"]
[BlackElo "1860"]
[PlyCount "92"]
[EventDate "2016.07.22"]
[EventType "team"]
[EventRounds "9"]
[EventCountry "SVK"]
[WhiteTeam "Slovakia 1"]
[BlackTeam "Japan"]

1. e4 c5 2. Nf3 e6 3. d4 cxd4 4. Nxd4 Nc6 5. Nc3 Qc7 6. Be3 a6 7. Qd2 Nf6 8.
O-O-O Be7 9. f3 b5 10. g4 Nxd4 11. Qxd4 Bb7 12. g5 Nh5 13. Kb1 Rc8 14. a3 Bc5
15. Qxc5 Qxc5 16. Bxc5 Rxc5 17. Rg1 h6 18. gxh6 Rxh6 19. Kc1 g6 20. Kd2 Nf4 21.
Ke3 e5 22. Rd2 Ke7 23. Bd3 Ke6 24. Rgd1 d5 25. exd5+ Nxd5+ 26. Nxd5 Bxd5 27.
Bf1 f5 28. f4 Rh4 29. fxe5 Kxe5 30. Bg2 Bxg2 31. Rxg2 f4+ 32. Kf3 Kf5 33. Rgd2
Re5 34. c3 g5 35. Kg2 g4 36. Kf1 f3 37. Rf2 Kf4 38. Rd6 a5 39. Rfd2 Rh3 40. Rg6
Re4 41. Rf6+ Ke5 42. Rf8 Rf4 43. Re8+ Kf6 44. Rf8+ Ke5 45. Re8+ Kf6 46. Rf8+
Ke5 1/2-1/2

[Event "FIDE World Youth U16 Chess Olympiad SLOVAKIA 2016"]
[Site "Poprad Tatry SLOVAKIA"]
[Date "2016.07.24"]
[Round "4"]
[Board "3"]
[White "Osaka, Takuma"]
[Black "Lintner, Igor"]
[Result "1-0"]
[WhiteElo "1888"]
[BlackElo "2191"]
[PlyCount "81"]
[EventDate "2016.07.22"]
[EventType "team"]
[EventRounds "9"]
[EventCountry "SVK"]
[WhiteTeam "Japan"]
[BlackTeam "Slovakia 1"]

1. d4 Nf6 2. c4 g6 3. Nc3 Bg7 4. e4 O-O 5. Be3 d6 6. f3 Nbd7 7. Nge2 c6 8. Qd2
e5 9. d5 cxd5 10. cxd5 a6 11. g4 h5 12. h3 b5 13. Bg5 Qb6 14. Ng3 Kh7 15. Nce2
Rg8 16. Rg1 a5 17. Rc1 Bb7 18. gxh5 Nxh5 19. Nxh5 gxh5 20. Be3 Qd8 21. Ng3 Nc5
22. Nf5 Bf8 23. Rxg8 Kxg8 24. Bh6 Qf6 25. Bxb5 Bc8 26. Bg5 Qg6 27. Nh4 Qg7 28.
Qg2 Rb8 29. a4 Kh7 30. Rc2 Bxh3 31. Qxh3 Qxg5 32. Qf5+ Kh6 33. Qxg5+ Kxg5 34.
Nf5 Kf4 35. Kf2 Rb7 36. Rc1 f6 37. Rh1 Rh7 38. Rh4+ Kg5 39. Ke3 Nb3 40. Be8 Rh8
41. Rh2 1-0

[Event "FIDE World Youth U16 Chess Olympiad SLOVAKIA 2016"]
[Site "Poprad Tatry SLOVAKIA"]
[Date "2016.07.24"]
[Round "4"]
[Board "4"]
[White "Vrtiakova, Anna"]
[Black "Hoshino, Karen"]
[Result "1-0"]
[WhiteElo "2044"]
[BlackElo "1818"]
[PlyCount "107"]
[EventDate "2016.07.22"]
[EventType "team"]
[EventRounds "9"]
[EventCountry "SVK"]
[WhiteTeam "Slovakia 1"]
[BlackTeam "Japan"]

1. e4 e6 2. d4 d5 3. Nc3 Bb4 4. e5 c5 5. a3 Bxc3+ 6. bxc3 Qa5 7. Bd2 Qa4 8. Qb1
c4 9. Nf3 Ne7 10. h4 Nbc6 11. h5 h6 12. g3 Bd7 13. Bh3 O-O-O 14. O-O Kb8 15.
Ra2 Nc8 16. Nh2 Nb6 17. Ng4 Qa5 18. Be1 Na4 19. Qa1 Rc8 20. Ne3 Ne7 21. Bd2 Rc6
22. Qe1 Rhc8 23. Ra1 Qd8 24. f4 Ra6 25. Kh2 Nb6 26. Qe2 Nf5 27. g4 Nxe3 28.
Bxe3 Qe7 29. Bc1 Na4 30. Qe3 Rh8 31. Qg3 Kc8 32. f5 Qe8 33. f6 gxf6 34. Rxf6
Qf8 35. Bd2 Be8 36. Qf4 Qg7 37. Rxh6 Rxh6 38. Qxh6 Qxh6 39. Bxh6 Nxc3 40. Be3
f5 41. exf6 Ne4 42. Rf1 Rxa3 43. Bf4 Ra2 44. Rc1 Nxf6 45. h6 Kd7 46. g5 Nh7 47.
Kg3 b5 48. Re1 Rxc2 49. Bxe6+ Kd8 50. Bf5 Rc3+ 51. Kg2 Nf8 52. Bd6 Bg6 53. Bb4
Rb3 54. Ba5# 1-0

[Event "FIDE World Youth U16 Chess Olympiad SLOVAKIA 2016"]
[Site "Poprad Tatry SLOVAKIA"]
[Date "2016.07.24"]
[Round "4"]
[Board "1"]
[White "Miesbauer, Jan"]
[Black "Roshka, Yevgeniy"]
[Result "1-0"]
[WhiteElo "2321"]
[BlackElo "2271"]
[PlyCount "67"]
[EventDate "2016.07.22"]
[EventType "team"]
[EventRounds "9"]
[EventCountry "SVK"]
[WhiteTeam "Czech republic"]
[BlackTeam "Ukraine"]

1. e4 c5 2. Nf3 d6 3. d4 cxd4 4. Nxd4 Nf6 5. Nc3 g6 6. Be3 Bg7 7. Be2 Nc6 8.
Nb3 O-O 9. f4 Be6 10. g4 d5 11. f5 Bc8 12. exd5 Nb4 13. Bf3 gxf5 14. a3 fxg4
15. Bg2 Na6 16. Qd3 Qd6 17. O-O-O Nh5 18. Ne4 Qg6 19. h3 g3 20. Bf3 f5 21. Bxh5
fxe4 22. Bxg6 exd3 23. Bxd3 Rf3 24. Bd4 g2 25. Rhg1 Bh6+ 26. Kb1 Bxh3 27. Be4
Rg3 28. d6 Rc8 29. Bf2 Re3 30. Bxg2 Bf5 31. Be4+ Bg6 32. Bxg6 hxg6 33. Rxg6+
Kh7 34. Rxh6+ 1-0

[Event "FIDE World Youth U16 Chess Olympiad SLOVAKIA 2016"]
[Site "Poprad Tatry SLOVAKIA"]
[Date "2016.07.24"]
[Round "4"]
[Board "2"]
[White "Yurovskich, Oleksandr"]
[Black "Jelinek, Michal"]
[Result "0-1"]
[WhiteElo "2167"]
[BlackElo "2176"]
[PlyCount "88"]
[EventDate "2016.07.22"]
[EventType "team"]
[EventRounds "9"]
[EventCountry "SVK"]
[WhiteTeam "Ukraine"]
[BlackTeam "Czech republic"]

1. d4 Nf6 2. Bg5 Ne4 3. Bf4 d5 4. e3 c5 5. Bd3 Nf6 6. c3 Nc6 7. Nd2 Qb6 8. Rb1
g6 9. h3 Bg7 10. Ngf3 O-O 11. a3 Nd7 12. b4 c4 13. Bc2 f5 14. Ba4 Nf6 15. Ne5
Nxe5 16. Bxe5 Ne4 17. Rc1 Bh6 18. f3 Nd6 19. Kf2 Nf7 20. f4 Nxe5 21. fxe5 f4
22. exf4 Bxf4 23. Ke2 Bxe5 24. Qg1 Bf4 25. Rf1 Qe6+ 26. Kd1 Qa6 27. Bc2 Qxa3
28. g3 Bh6 29. Rxf8+ Bxf8 30. Qg2 Be6 31. Nb1 Qa6 32. g4 Bg7 33. h4 Qd6 34. Qe2
Rf8 35. Rg1 Bc8 36. Kc1 Qf4+ 37. Kb2 Qf2 38. Qd1 Qxh4 39. Nd2 Rf4 40. Qe2 Qf2
41. Qd1 Rxd4 42. Rf1 Qxd2 43. Qf3 Qxc3+ 44. Qxc3 Rxg4 0-1

[Event "FIDE World Youth U16 Chess Olympiad SLOVAKIA 2016"]
[Site "Poprad Tatry SLOVAKIA"]
[Date "2016.07.24"]
[Round "4"]
[Board "3"]
[White "Dolansky, Lukas"]
[Black "Levitskiy, Andrey"]
[Result "1/2-1/2"]
[WhiteElo "2102"]
[BlackElo "2074"]
[PlyCount "83"]
[EventDate "2016.07.22"]
[EventType "team"]
[EventRounds "9"]
[EventCountry "SVK"]
[WhiteTeam "Czech republic"]
[BlackTeam "Ukraine"]

1. e4 c5 2. Nf3 Nc6 3. g3 g6 4. Bg2 Bg7 5. O-O d6 6. c3 Nf6 7. d3 O-O 8. Nh4
Rb8 9. f4 Nd7 10. Re1 Qc7 11. Nd2 b5 12. Nf1 b4 13. c4 Nd4 14. Ne3 e6 15. Rf1
Bb7 16. Rf2 Rbe8 17. Rb1 f5 18. exf5 gxf5 19. b3 Bxg2 20. Nhxg2 Nf6 21. Bb2 a5
22. Nc2 Ng4 23. Rf1 Nxc2 24. Qxc2 Bxb2 25. Qxb2 Qg7 26. Qd2 d5 27. Rbd1 d4 28.
Rde1 Rf6 29. Nh4 Ne3 30. Rxe3 dxe3 31. Qxe3 Qd7 32. Rd1 Rd8 33. Qxc5 a4 34. Nf3
axb3 35. axb3 Qd6 36. Qf2 Ra8 37. Ne5 Ra3 38. Rb1 Rf8 39. Kg2 Rfa8 40. Kh3 Qf8
41. Rb2 Ra1 42. Qb6 1/2-1/2

[Event "FIDE World Youth U16 Chess Olympiad SLOVAKIA 2016"]
[Site "Poprad Tatry SLOVAKIA"]
[Date "2016.07.24"]
[Round "4"]
[Board "4"]
[White "Krasnokutskaya, Sofiya"]
[Black "Brunova, Blanka"]
[Result "0-1"]
[WhiteElo "2138"]
[BlackElo "1880"]
[PlyCount "58"]
[EventDate "2016.07.22"]
[EventType "team"]
[EventRounds "9"]
[EventCountry "SVK"]
[WhiteTeam "Ukraine"]
[BlackTeam "Czech republic"]

1. e4 c5 2. Nf3 Nc6 3. d4 cxd4 4. Nxd4 Nf6 5. Nc3 e6 6. Ndb5 d6 7. Bf4 e5 8.
Bg5 a6 9. Na3 b5 10. Nd5 Be7 11. Bxf6 Bxf6 12. c3 O-O 13. Nc2 Bg5 14. a4 bxa4
15. Rxa4 a5 16. Bc4 Rb8 17. b3 Kh8 18. O-O g6 19. Qe2 Bh6 20. Rd1 f5 21. b4
fxe4 22. b5 Ne7 23. Nxe7 Qxe7 24. Bd5 Qa7 25. Ne3 Rxf2 26. Kxf2 Bg4 27. Rxa5
Bxe3+ 28. Kg3 Bxe2 29. Rxa7 Bxa7 0-1

[Event "FIDE World Youth U16 Chess Olympiad SLOVAKIA 2016"]
[Site "Poprad Tatry SLOVAKIA"]
[Date "2016.07.24"]
[Round "4"]
[Board "1"]
[White "Chen, Richard"]
[Black "Livaic, Leon"]
[Result "1/2-1/2"]
[WhiteElo "2259"]
[BlackElo "2447"]
[PlyCount "53"]
[EventDate "2016.07.22"]
[EventType "team"]
[EventRounds "9"]
[EventCountry "SVK"]
[WhiteTeam "Canada"]
[BlackTeam "Croatia"]

1. e4 e6 2. d4 d5 3. Nd2 c5 4. exd5 Qxd5 5. Ngf3 cxd4 6. Bc4 Qd7 7. O-O Nf6 8.
Nb3 Nc6 9. Qe2 a6 10. a4 Qc7 11. Rd1 Bd7 12. Nbxd4 Be7 13. Bg5 O-O 14. Nxc6
Bxc6 15. Nd4 Rfd8 16. Bh4 Bd5 17. Bd3 Rac8 18. Bg3 Bd6 19. Bxd6 Rxd6 20. b3
Rcd8 21. Qe3 Qd7 22. f3 h6 23. Rd2 Bc6 24. Nxc6 Qxc6 25. Rad1 Kf8 26. Bc4 Ke7
27. Kf2 1/2-1/2

[Event "FIDE World Youth U16 Chess Olympiad SLOVAKIA 2016"]
[Site "Poprad Tatry SLOVAKIA"]
[Date "2016.07.24"]
[Round "4"]
[Board "2"]
[White "Muha, Miljenko"]
[Black "Bellissimo, Joseph F."]
[Result "1/2-1/2"]
[WhiteElo "2257"]
[BlackElo "2100"]
[PlyCount "121"]
[EventDate "2016.07.22"]
[EventType "team"]
[EventRounds "9"]
[EventCountry "SVK"]
[WhiteTeam "Croatia"]
[BlackTeam "Canada"]

1. d4 Nf6 2. c4 e6 3. Nc3 Bb4 4. e3 O-O 5. Bd3 d5 6. Nge2 c5 7. cxd5 cxd4 8.
exd4 Nxd5 9. O-O Nc6 10. a3 Bd6 11. Ne4 Be7 12. Bc2 f5 13. N4c3 Bf6 14. Bb3 Kh8
15. Re1 Nc7 16. Be3 b6 17. Rc1 Bb7 18. Rc2 Ne7 19. Nf4 e5 20. dxe5 Qxd1 21.
Nxd1 Bxe5 22. Bxb6 Be4 23. Rxc7 Bxf4 24. Rxe7 axb6 25. Ne3 Rad8 26. Nc4 Bd5 27.
a4 Bxc4 28. Bxc4 Bd2 29. Rd1 Bb4 30. Red7 Rde8 31. g3 f4 32. Rf7 fxg3 33. Rxf8+
Rxf8 34. hxg3 Bc5 35. Rd2 g5 36. Kg2 g4 37. Re2 Kg7 38. Be6 h5 39. Bd5 Rf5 40.
Be4 Re5 41. f4 gxf3+ 42. Kxf3 Rg5 43. Rg2 Bd6 44. b3 h4 45. gxh4 Rxg2 46. Kxg2
Kh6 47. Bf3 Bc5 48. Kg3 Bg1 49. Kg4 Bf2 50. b4 Be1 51. a5 bxa5 52. b5 Bf2 53.
Bd1 Kg7 54. Kg5 Kh8 55. h5 Kg7 56. Bc2 Kh8 57. Kf6 Be3 58. Kf7 Bf2 59. Ke6 Kg7
60. Kd5 Kh6 61. Bd1 1/2-1/2

[Event "FIDE World Youth U16 Chess Olympiad SLOVAKIA 2016"]
[Site "Poprad Tatry SLOVAKIA"]
[Date "2016.07.24"]
[Round "4"]
[Board "3"]
[White "Talukdar, Rohan"]
[Black "Cvitan, Ena"]
[Result "1-0"]
[WhiteElo "2051"]
[BlackElo "2030"]
[PlyCount "59"]
[EventDate "2016.07.22"]
[EventType "team"]
[EventRounds "9"]
[EventCountry "SVK"]
[WhiteTeam "Canada"]
[BlackTeam "Croatia"]

1. e4 c6 2. d4 d5 3. exd5 cxd5 4. Bd3 Nc6 5. c3 Nf6 6. Bf4 Bg4 7. Qb3 Qd7 8.
Nd2 e6 9. Ngf3 Bxf3 10. Nxf3 Bd6 11. Bg3 O-O 12. O-O Bxg3 13. hxg3 a6 14. Rae1
Qc7 15. Qd1 b5 16. g4 b4 17. g5 Nd7 18. Re3 g6 19. Rfe1 bxc3 20. bxc3 Rfc8 21.
Qe2 a5 22. Nh2 Nf8 23. Qg4 Ne7 24. Bb1 a4 25. Rh3 Qa5 26. Qf3 Nf5 27. Ng4 Rc7
28. Bxf5 exf5 29. Nf6+ Kg7 30. Qg3 1-0

[Event "FIDE World Youth U16 Chess Olympiad SLOVAKIA 2016"]
[Site "Poprad Tatry SLOVAKIA"]
[Date "2016.07.24"]
[Round "4"]
[Board "4"]
[White "Radenic, Filip"]
[Black "Ouellet, Maili-Jade"]
[Result "1-0"]
[WhiteElo "2083"]
[BlackElo "1947"]
[PlyCount "213"]
[EventDate "2016.07.22"]
[EventType "team"]
[EventRounds "9"]
[EventCountry "SVK"]
[WhiteTeam "Croatia"]
[BlackTeam "Canada"]

1. c4 e6 2. g3 d5 3. Bg2 Nf6 4. Nf3 Be7 5. O-O O-O 6. b3 b6 7. Bb2 Bb7 8. Ne5
c5 9. d4 cxd4 10. Bxd4 Nc6 11. Nxc6 Bxc6 12. Nd2 Rc8 13. cxd5 Nxd5 14. Ne4 f5
15. Nd2 Bf6 16. Nc4 Qc7 17. Bxf6 gxf6 18. Rc1 Rfd8 19. Qd2 Qg7 20. Qb2 Kh8 21.
b4 h5 22. b5 Ba8 23. Rfd1 f4 24. Rd4 f5 25. Qd2 Rc5 26. Rd1 e5 27. Rd3 Rd7 28.
e4 Rxc4 29. exd5 e4 30. Qxf4 Qf7 31. R3d2 Rc8 32. Bh3 Rf8 33. Qe5+ Kh7 34. Qe6
Kg7 35. Qxf7+ Rfxf7 36. Bf1 Rd6 37. Bc4 Rc7 38. Rd4 Kf6 39. f3 exf3 40. Kf2 Ke5
41. Kxf3 Rxc4 42. Rxc4 Bxd5+ 43. Rxd5+ Rxd5 44. Ra4 Rd3+ 45. Ke2 Rd7 46. Ke3
Rc7 47. Kd3 Kd5 48. Rh4 Rh7 49. a4 Ke5 50. Ke3 Kf6 51. Kd4 Rd7+ 52. Kc4 Kg5 53.
Kb4 Rc7 54. a5 Rc2 55. a6 Rb2+ 56. Kc4 Ra2 57. Kd5 Rc2 58. Rc4 Rxc4 59. Kxc4 h4
60. Kd5 hxg3 61. hxg3 Kg4 62. Kc6 Kxg3 63. Kb7 f4 64. Kxa7 f3 65. Kxb6 f2 66.
a7 f1=Q 67. a8=Q Qf6+ 68. Qc6 Qd4+ 69. Kb7 Kf4 70. b6 Ke5 71. Qc7+ Ke6 72. Kb8
Qa4 73. b7 Kf5 74. Qf7+ Kg4 75. Kc8 Qc6+ 76. Kd8 Qb6+ 77. Qc7 Qf6+ 78. Kd7 Qf7+
79. Kc6 Qc4+ 80. Kb6 Qb4+ 81. Ka6 Qa3+ 82. Qa5 Qd3+ 83. Ka7 Qd4+ 84. Ka8 Qe4
85. Qa6 Qd5 86. Qa4+ Kg5 87. Qa1 Qe4 88. Qg1+ Kh4 89. Qg7 Qd5 90. Qc7 Kg5 91.
Kb8 Kh4 92. Kc8 Qe6+ 93. Qd7 Qc4+ 94. Kd8 Qg8+ 95. Ke7 Qg7+ 96. Kd6 Qd4+ 97.
Kc6 Qc4+ 98. Kb6 Qb4+ 99. Kc7 Qc5+ 100. Qc6 Qe7+ 101. Kb6 Qb4+ 102. Qb5 Qd4+
103. Ka5 Qd8+ 104. Ka4 Qd1+ 105. Ka3 Qa1+ 106. Kb4 Qb2+ 107. Ka5 1-0

[Event "FIDE World Youth U16 Chess Olympiad SLOVAKIA 2016"]
[Site "Poprad Tatry SLOVAKIA"]
[Date "2016.07.24"]
[Round "4"]
[Board "1"]
[White "Stabulnieks, Klavs"]
[Black "Trzaskowska, Hanna"]
[Result "1-0"]
[WhiteElo "2099"]
[BlackElo "1318"]
[PlyCount "59"]
[EventDate "2016.07.22"]
[EventType "team"]
[EventRounds "9"]
[EventCountry "SVK"]
[WhiteTeam "Latvia"]
[BlackTeam "Poland 2 - Warmia - Mazury"]

1. d4 d5 2. c4 c6 3. Nf3 Nf6 4. Nc3 dxc4 5. a4 Bf5 6. Ne5 e6 7. f3 Bb4 8. Nxc4
Nd5 9. Qd2 Bxc3 10. bxc3 Nb6 11. e4 Nxc4 12. Bxc4 Bxe4 13. fxe4 Qh4+ 14. Qf2
Qxe4+ 15. Be3 Nd7 16. O-O O-O 17. Rad1 Nb6 18. Bd3 Qg4 19. a5 Nd5 20. Bd2 f6
21. Rde1 Rfe8 22. Re4 Qg6 23. Rfe1 Nc7 24. Bf4 Qf7 25. Bxc7 Qxc7 26. Rxe6 Rxe6
27. Rxe6 Qxa5 28. Qe1 Qd8 29. Qe4 g6 30. Re7 1-0

[Event "FIDE World Youth U16 Chess Olympiad SLOVAKIA 2016"]
[Site "Poprad Tatry SLOVAKIA"]
[Date "2016.07.24"]
[Round "4"]
[Board "2"]
[White "Hrymowicz, Artur"]
[Black "Polyakov, Fedor"]
[Result "0-1"]
[WhiteElo "1744"]
[BlackElo "1970"]
[PlyCount "110"]
[EventDate "2016.07.22"]
[EventType "team"]
[EventRounds "9"]
[EventCountry "SVK"]
[WhiteTeam "Poland 2 - Warmia - Mazury"]
[BlackTeam "Latvia"]

1. e4 c5 2. Nf3 Nc6 3. d4 cxd4 4. Nxd4 Nf6 5. Nc3 e5 6. Ndb5 h6 7. Nd6+ Bxd6 8.
Qxd6 Qe7 9. Qxe7+ Kxe7 10. Be3 d6 11. f3 Be6 12. O-O-O a6 13. Be2 b5 14. Rhe1
Rhc8 15. Kb1 Na5 16. Bf2 Nc4 17. Bf1 Na3+ 18. bxa3 Rxc3 19. Re3 Bxa2+ 20. Kb2
Rc6 21. Be1 Bc4 22. Ba5 Bxf1 23. Rxf1 Rac8 24. Rc3 d5 25. Rxc6 Rxc6 26. exd5
Nxd5 27. Re1 Ke6 28. Kc1 Nf4 29. Kd2 Nxg2 30. Rg1 Nh4 31. Rf1 Rc4 32. c3 g5 33.
Ke3 Rf4 34. Rf2 Nf5+ 35. Kd3 Nd6 36. Bb4 e4+ 37. Ke2 exf3+ 38. Rxf3 Rxf3 39.
Kxf3 f5 40. Ke3 Kd5 41. Kd3 f4 42. Ba5 Nc4 43. Bb4 Ne5+ 44. Kd2 Ke4 45. Ke2 f3+
46. Kf1 Ng4 47. h3 Ne3+ 48. Kg1 Nd5 49. Bf8 h5 50. Bg7 Kf4 51. Kf2 Ne3 52. Bh6
Nd1+ 53. Kf1 f2 54. h4 Ne3+ 55. Kxf2 Ng4+ 0-1

[Event "FIDE World Youth U16 Chess Olympiad SLOVAKIA 2016"]
[Site "Poprad Tatry SLOVAKIA"]
[Date "2016.07.24"]
[Round "4"]
[Board "3"]
[White "Limanovska, Elizabete"]
[Black "Daliga, Anita"]
[Result "1/2-1/2"]
[WhiteElo "1929"]
[BlackElo "1703"]
[PlyCount "43"]
[EventDate "2016.07.22"]
[EventType "team"]
[EventRounds "9"]
[EventCountry "SVK"]
[WhiteTeam "Latvia"]
[BlackTeam "Poland 2 - Warmia - Mazury"]

1. e4 e5 2. Nf3 Nc6 3. Bb5 a6 4. Ba4 Bc5 5. O-O Nf6 6. c3 O-O 7. d4 Ba7 8. Bg5
b5 9. Bb3 h6 10. Bxf6 Qxf6 11. Bd5 Rb8 12. Bxc6 Qxc6 13. d5 Qf6 14. Nbd2 d6 15.
h3 Kh7 16. Qe2 g5 17. Nh2 Rg8 18. Ng4 Qg6 19. Ne3 g4 20. hxg4 Bxg4 21. Nxg4
Qxg4 22. Qxg4 1/2-1/2

[Event "FIDE World Youth U16 Chess Olympiad SLOVAKIA 2016"]
[Site "Poprad Tatry SLOVAKIA"]
[Date "2016.07.24"]
[Round "4"]
[Board "4"]
[White "Zarebska, Lena"]
[Black "Sinauridze, Simons"]
[Result "0-1"]
[WhiteElo "1406"]
[BlackElo "1897"]
[PlyCount "82"]
[EventDate "2016.07.22"]
[EventType "team"]
[EventRounds "9"]
[EventCountry "SVK"]
[WhiteTeam "Poland 2 - Warmia - Mazury"]
[BlackTeam "Latvia"]

1. e4 c5 2. Nf3 d6 3. d4 cxd4 4. Nxd4 Nf6 5. Nc3 g6 6. Be3 Bg7 7. f3 O-O 8. Qd2
Nc6 9. O-O-O d5 10. exd5 Nxd5 11. Nxc6 bxc6 12. Bd4 e5 13. Bc5 Be6 14. Bc4 Re8
15. h4 Qa5 16. Ne4 Qxd2+ 17. Nxd2 Nf4 18. Bxe6 Rxe6 19. g4 Rb8 20. Nb3 a5 21.
a4 e4 22. Bd6 Ne2+ 23. Kb1 Rd8 24. Bc7 Rxd1+ 25. Rxd1 exf3 26. Bb6 Ng3 27. Rd8+
Bf8 28. Bc5 f5 29. Bxf8 Kf7 30. Bc5 fxg4 31. Ka2 Ne4 32. Rf8+ Kg7 33. Rf4 Nxc5
34. Nxc5 Rf6 35. Ne6+ Rxe6 36. Rxg4 f2 37. Rf4 Rf6 38. Rc4 f1=Q 39. Rc5 Qf4 40.
Rxa5 Qc4+ 41. Ka3 Rf3+ 0-1